000 00635nam a2200241Ia 4500
003 OSt
005 20221005125013.0
006 a|||||r|||| 00| 0
007 ta
008 221004b |||||||| |||| 00| 0 eng d
024 _a61443
037 _cTextual
040 _aCRL
_cCRL
_beng
041 _2eng
_aeng
082 _aSM95x1:1, J2
100 _aFreud Sigmund
245 0 _aOn dreams
260 _c1952
490 _aInternational ed by ernest Jonespsycho-analytical library ed by ernest Jones 42
650 _aPSYCHOLOGY
942 _hSM95x1:1, J2
_cTEXL
_2cc
999 _c1052372
_d1052372